000 00626nam a2200229Ia 4500
003 OSt
005 20221007081824.0
006 a|||||r|||| 00| 0
007 ta
008 221006b |||||||| |||| 00| 0 eng d
024 _a14,631
037 _cTextual
040 _aFLL
_cFLL
_beng
041 _2eng
_aeng
082 _aX:75.2.N5, L2
100 _aGadgil D.R.
245 0 _aPlanning and economic policy in India
260 _aPoona
_bGokhale Institute of Politics and Economics India
_c1972
300 _axx,405p
_ccm.
942 _hX:75.2.N5, L2
_cTEXL
_2CC
999 _c1164383
_d1164383